Học làm lãnh đạo = Learning to lead
Quyển sách “Học làm lãnh đạo” đã thể hiện nền móng của công việc lãnh đạo thực thụ. Nó cho bạn thấy cách nhìn vượt lên những điều hoang đường về công việc lãnh đạo, biến các thật bại thành bước đệm cho tư duy sáng tạo mới, và truyề...
Đã lưu trong:
| 主要作者: | |
|---|---|
| 格式: | 图书 |
| 语言: | Undetermined |
| 出版: |
Thành phố Hồ Chí Minh
Trẻ
2009
|
| 主题: | |
| 标签: |
添加标签
没有标签, 成为第一个标记此记录!
|
| Thư viện lưu trữ: | Trung tâm Học liệu Trường Đại học Cần Thơ |
|---|
| LEADER | 01145nam a2200217Ia 4500 | ||
|---|---|---|---|
| 001 | CTU_154805 | ||
| 008 | 210402s9999 xx 000 0 und d | ||
| 020 | |c 72000 | ||
| 082 | |a 658.4092 | ||
| 082 | |b B469 | ||
| 100 | |a Bennis, Warren | ||
| 245 | 0 | |a Học làm lãnh đạo = | |
| 245 | 0 | |b Learning to lead | |
| 245 | 0 | |c Warren Bennis, Joan Goldsmith; Cao Xuân Việt Khương (dịch) | |
| 260 | |a Thành phố Hồ Chí Minh | ||
| 260 | |b Trẻ | ||
| 260 | |c 2009 | ||
| 520 | |a Quyển sách “Học làm lãnh đạo” đã thể hiện nền móng của công việc lãnh đạo thực thụ. Nó cho bạn thấy cách nhìn vượt lên những điều hoang đường về công việc lãnh đạo, biến các thật bại thành bước đệm cho tư duy sáng tạo mới, và truyền đạt tầm nhìn của bạn cho bản thân mình, nhóm của mình và tổ chức của mình. | ||
| 650 | |a Leadership,Management,Sự lãnh đạo,Quản lý | ||
| 904 | |i Năm | ||
| 980 | |a Trung tâm Học liệu Trường Đại học Cần Thơ | ||